The mystery at the Carrol ranch ; a story of the Southwest /

Bibliographic Details
Main Author: Kingsbury, Carl Louis
Format: Book
Language:English
Published: Elgin, Ill., [publisher not identified] ; David C. Cook publishing co., [©1910]

MARC

Tag First Indicator Second Indicator Subfields
LEADER 00000cam a2200000 4500
001 in00000677021
005 20151016050749.0
008 790329s1910 iluf 00011 eng
010 |a  10029131  
035 |a (OCoLC)04794450 
035 |9 ADA6853AM 
040 |a DLC  |c AZU  |d TXA  |d UtOrBLW 
049 |a TXAS  |c [382628] 
050 0 0 |a PZ3.K594  |b M 
100 1 |a Kingsbury, Carl Louis. 
245 1 4 |a The mystery at the Carrol ranch ;  |b a story of the Southwest /  |c by Carl Louis Kingsbury. 
264 1 |a Elgin, Ill.,  |b [publisher not identified] ;  |c David C. Cook publishing co.,  |c [©1910] 
300 |a 94 pages :  |b including plates. 
336 |a text  |b txt  |2 rdacontent 
337 |a unmediated  |b n  |2 rdamedia 
338 |a volume  |b nc  |2 rdacarrier 
999 |a MARS 
999 f f |s 4a9e15b7-d37c-3a37-a806-55d0a7f0ea79  |i 01336b1d-09ce-378c-8c6b-317d8aa46d3a  |t 0 
952 f f |p noncirc  |a Texas A&M University  |b College Station  |c Cushing Memorial Library & Archives  |d Cushing: Dykes (Does not check out)  |t 0  |e PZ3.K594 M  |h Library of Congress classification  |i unmediated -- volume  |m A14851900531 
998 f f |a PZ3.K594 M  |t 0  |l Cushing: Dykes (Does not check out)